000 00340nam a2200157Ia 4500
001 16852
003 IN-NITTTR
005 20251114233159.0
008 251113s9999||||xx |||||||||||||| ||eng||
040 _beng
040 _cIN-NITTTR
041 _aeng
082 _a746.44 E19
245 0 _aEncyclopedia of embroidery. /
942 _2ddc
_cBK
999 _c19486
_d19486